• 首页
  • 本馆介绍
  • 公告通知
  • 最新文献
  • 馆藏检索
  • 电子资源
  • 读者导购
  • 参考咨询
  • 我的图书馆
  • 登录
  • 详细信息显示
  • 放入我的书架
  • 预约/预借图书
  • 作者相关作品
  • 分类相关作品
  • 丛书相关作品
  • 出版社相关作品

书目信息

  • 表格格式
  • 工作单格式
  • 卡片格式
题名:
直接抗病毒时代的丙型肝炎
    
 
作者: 蔡皓东 编著
分册:  
出版信息: 北京   中国医药科技出版社  2016.07
页数: 197页
开本: 23cm
丛书名:
单 册:
中图分类: R512.6
科图分类:
主题词: 丙型肝炎--bing xing gan yan--诊疗
电子资源:
ISBN: 978-7-5067-8549-5
000 00917nam0 2200253 450
001 CAL 008019283
005 20171211152544.42
010    @a978-7-5067-8549-5@b@dCNY38.00
100    @a20160912d2016 em y0chiy50 ea
101 0  @achi
102    @aCN@b110000
105    @aab a 000yy
106    @ar
200 1  @a直接抗病毒时代的丙型肝炎@Azhi jie kang bing du shi dai de bing xing gan yan@f编著蔡皓东@g
210    @a北京@c中国医药科技出版社@d2016.07
215    @a197页@c图 (部分彩图) , 地图@d23cm
320    @a有书目 (第182-197页)
330    @a本书是关于丙型肝炎的“半”科普书, 内容包括: 丙型肝炎病毒及其流行状况、丙型肝炎的传播途径及其预防、丙肝病毒感染的筛查和诊断、丙型病毒感染的自然史和临床特点等。
606 0  @a丙型肝炎@Abing xing gan yan@x诊疗
690    @aR512.6@v5
701  0 @a蔡皓东@Acai hao dong@4编著
801  0 @aCN@b人天书店@c20160912@g
905    @aBZT@dR512.6@e11
906    @dCNY38.00@n3@r1
    
    直接抗病毒时代的丙型肝炎/编著蔡皓东.-北京:中国医药科技出版社,2016.07
    197页:图 (部分彩图) , 地图;23cm
    
    
    ISBN 978-7-5067-8549-5:CNY38.00
    本书是关于丙型肝炎的“半”科普书, 内容包括: 丙型肝炎病毒及其流行状况、丙型肝炎的传播途径及其预防、丙肝病毒感染的筛查和诊断、丙型病毒感染的自然史和临床特点等。
●
相关链接 在五车中查询图书 在当当中查询图书 在豆瓣中查询图书


正题名:直接抗病毒时代的丙型肝炎     索取号:R512.6/11         预约/预借

序号 登录号 条形码 馆藏地/架位号 状态 备注
1 839939   2000839939   第二书库/ [索取号:R512.6/11] 在馆    
2 839940   2000839940   第二书库/ [索取号:R512.6/11] 在馆    
3 839941   2000839941   第二书库/ [索取号:R512.6/11] 在馆    
山东省滨州职业学院图书馆 欢迎您!
大连网信软件有限公司© 版权所有